LEADER 01210nam a2200241 i 4500 001 000000241805 003 CaOOAMICUS 005 20230825102831.0 008 150518s1816 it u000 u ita u 026 $ainr- o.ia lon- peen (3) 1816 (A) 040 $aSeMil$bita 100 1 $aLanzi, Luigi,$d<1732-1810>.$0(OLS)http://semarc/name/6634 245 10$aPorzione scelta dal Libro intitolato Il divoto del SS. Sacramento istruito nelle pratiche di tale divozione dal sacerdote ex-gesuita L. L. dopo la terza edizione veneta. 264 1$aMilano :$bPresso G. Pirotta in S. Radegonda,$c1816. 300 $a142, [2] p. ;$c12°. 700 1 $aPirotta, Giovanni,$c.$0(OLS)http://semarc/name/2725 850 $aSeMil 852 $aSeMil$W1$xVenegono$y1$m3F I 268 FA$j192151$B192151$CSeMilBibl$Z2$F202962 $8I 941 1 $a10 961 $aRecupero: Mantegazza 996 $6245$aPorzione scelta dal Libro intitolato Il divoto del SS. Sacramento istruito nelle pratiche di tale divozione dal sacerdote ex-gesuita L. L. dopo la terza edizione veneta$9(OLS)http://semarc/title/343594 996 $6264$aMilano :$bPresso G. Pirotta in S. Radegonda$9(OLS)http://semarc/publisher/54647 LEADER 01034nam a2200217 i 4500 001 000000183130 003 CaOOAMICUS 005 20091106000000.0 008 091106s1923 it u000 u ita u 013 $a161092 040 $aSeMil$bita 100 1 $aCornaggia Medici, Luigi.$0(OLS)http://semarc/name/34724 245 10$aLettera aperta al Senatore Vincenzo Morello (Rastignac) :$bil conflitto dopo la conciliazione /$cMons. Luigi Cornaggia Medici Prelato romano. 250 $a3. edizione con risposta di Rastignac all'autore. 260 $aFirenze :$bGiulio Giannini & Figlio,$c1923. 300 $aXVI, 62 p. ;$c21 cm. 650 4$aChiesa e Stato - Italia.$0(OLS)http://semarc/subject/2980 850 $aSeMil 852 $aSeMil$W1$xVenegono$y1$m3E III 67$j133834$B133834$CSeMilBibl$Z2$F145539 $81 996 $6245$aLettera aperta al Senatore Vincenzo Morello (Rastignac) :$bil conflitto dopo la conciliazione$9(OLS)http://semarc/title/262835 996 $6260$aFirenze :$bGiulio Giannini & Figlio$9(OLS)http://semarc/publisher/33916